000 00651nam a2200217Ii 4500
003 JO-AjNU
008 230606s9999||||xx |||||||||||||| ||und||
020 _a81-7880-211-2
040 _aJO-AjNU
_beng
_erda
_cJO-AjNU
041 _aeng
050 1 4 _aLB2805.M2939 2006
100 3 _aShivaprakasham,M.N,
_eauthor
_9106
245 0 0 _aAdministration Of Elementary Schools
250 _a1 ed
264 3 1 _aNew Delhi:Rajat Puplications,2006
300 _a378P
336 _atext
_btxt
_2rdacontent
337 _aunmediated
_bn
_2rdamedia
338 _avolume
_bnc
_2rdacarrier
650 4 _aElementary school administration-School supervision-Elementary
_9107
999 _aE57
_c57
_d57